Zolá: Le chiffre du texte
Guardat en:
| Autor principal: | |
|---|---|
| Format: | Llibre |
| Idioma: | Undetermined |
| Publicat: |
Montreal, Canadá
Unversité de Grenoble
1988
|
| Matèries: | |
| Etiquetes: |
Afegir etiqueta
Sense etiquetes, Sigues el primer a etiquetar aquest registre!
|
MARC
| LEADER | 00000nam a2200000Ia 4500 | ||
|---|---|---|---|
| 008 | 170316s9999 xx 000 0 und d | ||
| 040 | |a cru BVZT | ||
| 090 | |a C-840 A-3z | ||
| 100 | |a Allard, Jacques | ||
| 245 | |a Zolá: Le chiffre du texte | ||
| 260 | |a Montreal, Canadá | ||
| 260 | |b Unversité de Grenoble | ||
| 260 | |c 1988 | ||
| 300 | |a 105 páginas | ||
| 650 | |a LITERATURA FRANCESA | ||
| 650 | |a CRÍTICA | ||
| 999 | |c 12940 |d 12940 | ||
| 942 | |c 15 D |h C-840 A-3z |2 z | ||
